| 000 | 00939cam a22003131 4500 | ||
|---|---|---|---|
| 001 | 1552769 | ||
| 003 | BD-DhUL | ||
| 005 | 20141023074936.0 | ||
| 008 | 840309s1960 nyua b 000 0 eng c | ||
| 010 | _a 60014106 /L/r84 | ||
| 015 | _aGB61-5717 | ||
| 029 | 1 |
_aUKM _bb6105717 |
|
| 035 | _a(OCoLC)ocm10461051 | ||
| 035 | _a(NNC)1552769 | ||
| 040 |
_aDLC/ICU _cCGU _dOCL _dWSU _dUKM _dBD-DhUL |
||
| 050 | 0 |
_aQD181.C5 _bS3 |
|
| 082 | 0 |
_a546.732 _bSCP |
|
| 090 |
_fh _n\LOK\ |
||
| 100 | 1 |
_aSchumacher, Joseph C., _eeditor. |
|
| 245 | 0 | 0 |
_aPerchlorates: _btheir properties, manufacture, and uses. |
| 260 |
_aNew York, _bReinhold Pub. Corp. _c[1960] |
||
| 300 |
_a257 p. _billus. _c24 cm. |
||
| 490 | 1 |
_aAmerican Chemical Society. Monograph series, _vno. 146 |
|
| 504 | _aIncludes bibliography. | ||
| 650 | 0 | _aPerchlorates. | |
| 830 | 0 |
_aMonograph series (American Chemical Society) ; _vno. 146. |
|
| 900 | _aAUTH | ||
| 942 |
_2ddc _cBK |
||
| 999 |
_c15999 _d15999 |
||